Statistics for Trivia Test - Ateez

Click here to take the quiz!

General Stats

  • This quiz has been taken 179 times
  • The average score is 16 of 18

Answer Stats

QuestionAnswer% Correct
Who is the leader of Ateez ?HongJoong
100%
How much members are in Ateez ?8
99%
What is their fandom name ?Atiny
99%
Under which agency is Ateez ?KQ Enteirtement
99%
Who is not a member of Ateez ?Woojin
99%
What is their debut song/songs ?Treasure et Pirate King
98%
With who Wooyoung is the most close ?Changbin
95%
Who are the rappers ?Hongjoong and Mingi
95%
Who is the main vocal ?Jongho
93%
What is the real name of Wooyoung ?Jung Wooyoung
93%
Who is the oldest ?SeongHwa
93%
With which group are they the most close ?Stray Kids
86%
What date did they debut ?October 24 2018
81%
Who are the 2 visuals ?Yeosang et SeongHwa
75%
Which song is at Ateez ?Desire
74%
Who is call the statue of Ateez ?Yeosang
66%
They've been on Weekly Idol with which group ?Oneus
65%
What is their pre-debut song ?Pick it up
60%

Score Distribution

Percentile by Number Answered

Percent of People with Each Score

Your Score History

You have not taken this quiz